| 000 | 01246nam a2200229 a 4500 | ||
|---|---|---|---|
| 001 | 57357 | ||
| 005 | 20180714053521.0 | ||
| 008 | 140415s1991 mx 000 0 spa d | ||
| 020 | _a9681636570 | ||
| 041 | _aspa | ||
| 082 |
_a980.01 _bBRA |
||
| 100 | 1 | _aBRADING, DAVID | |
| 245 | 1 | 0 |
_aORBE INDIANO : _bDE LA MONARQUIA CATOLICA A LA REPUBLICA CRIOLLA 1492-1867 |
| 250 | _a1a ed. | ||
| 260 |
_aMEXICO : _bFONDO DE CULTURA ECONOMICA, _c1991 |
||
| 300 |
_a309 _c17 x 4.3 x 23.8 |
||
| 490 | _aSECCION DE OBRAS DE HISTORIA | ||
| 520 | _aEL PROPOSITO DE ESTE LIBRO ES DEMOSTRAR QUE, POR MUCHO QUE LA AMERICA ESPAÑOLA DEPENDIERA DE EUROPA EN MATERIA DE FORMAS DE ARTE, LITERATURA Y CULTURA GENERAL, SUS CRONISTAS Y PATRIOTAS LOGRARON CREAR UNA TRADICION INTELECTUAL, QUE POR RAZON DE SU COMPROMISO CON LA EXPERIENCIA HISTORICA Y LA REALIDAD CONTEMPORÁNEA DE AMERICA, FUE ORIGINAL, IDIOSINCRÁSIA COMPLEJA Y TOTALMENTE DISTINTA DE TODO MODELO EUROPEO. | ||
| 650 | 1 | 4 |
_aNACIONALISMO _xPERU _xHISTORIA _xIDENTIDAD CULTURAL _xMEXICO _xIDENTIDAD CULTURAL _xLATINOAMERICA _xLATINOAMERICA _xHISTORIA |
| 700 | 1 |
_aUTRILLA, JUAN JOSE _etr. |
|
| 740 | _aTHE FIRST AMERICA: THE SPANISH MONARCHY, CREOLE PATRIOTS AND THE LIBERAL STATE, 1492-1867 | ||
| 999 |
_c57357 _d57357 |
||